| 000 | 00492nam a22001697a 4500 | ||
|---|---|---|---|
| 003 | NUST | ||
| 005 | 20220922105243.0 | ||
| 008 | 170928b xxu||||| |||| 00| 0 eng d | ||
| 040 | _cNUST | ||
| 082 | _a330 | ||
| 100 |
_aMumtaz,Muhammad Naeem _95088 |
||
| 245 | _aConsumer confidence index and economic growth: an appraisal through panel co-integration | ||
| 260 |
_aIslamabad _c2015 |
||
| 300 | _a38p | ||
| 856 | _uhttp://10.250.8.41:8080/xmlui/handle/123456789/30409 | ||
| 942 |
_2ddc _cTHE |
||
| 999 |
_c331453 _d331453 |
||